000 00745nam a2200205 i 4500
001 111385
003 ES-MaACL
005 20231218204913.0
007 t|
008 061121s1921 sp |||| | spa d
100 1 _aNelken, Margarita,
_d1894-1968
_985355
245 1 3 _aLa condición social de la mujer en España
_b: su estado actual : su posible desarrollo /
_cMargarita Nelken.
260 _aBarcelona :
_bMinerva,
_c1921.
300 _a280 p. :
_bil. ;
_c18 x 12 cm.
490 1 _aBiblioteca de cultura moderna y contemporánea
650 0 4 _aMujeres-
_zEspaña-
_xSituación social-
_yS.XX.
_9171394
830 1 _aBiblioteca de cultura moderna y contemporánea
_9181123
852 _aES-MaACL
_jF-609
999 _c111385
_d111385